000 00892cam a22002531 4500
001 7960809
005 20050809191252.0
008 750805s1960 nyua b 000 0 eng
010 _a 60050141
035 _a(OCoLC)1513174
040 _aDLC
_cABAU
_dOCoLC
_dDLC
042 _apremarc
050 0 0 _aTK6565.L6
_bM29 1960
082 _a621.3818
_222
_bMCL
100 1 _aMcLachlan, N. W.
_q(Norman William),
_d1888-
_96784
245 1 0 _aLoud Speakers:
_bTheory, Performance, Testing, and Design/
_cBy N/ W. Mclachlan
250 _aCorrected ed.
260 _aNew York:
_bDover Publications,
_c1960
300 _axii, 399 p.:
_bill. ;
_c21 cm.
504 _aBibliography: p. [386]-393.
650 0 _aLoudspeakers.
_96785
942 _2ddc
_cBB
999 _c11993
_d11993